LEADER 04115nam 22006135 450 001 9910855384803321 005 20250808085359.0 010 $a9783031495441 010 $a3031495446 024 7 $a10.1007/978-3-031-49544-1 035 $a(MiAaPQ)EBC31318084 035 $a(Au-PeEL)EBL31318084 035 $a(CKB)31869354700041 035 $a(DE-He213)978-3-031-49544-1 035 $a(OCoLC)1433204356 035 $a(EXLCZ)9931869354700041 100 $a20240501d2024 u| 0 101 0 $aeng 135 $aurcnu|||||||| 181 $ctxt$2rdacontent 182 $cc$2rdamedia 183 $acr$2rdacarrier 200 10$aAI in Business: Opportunities and Limitations $eVolume 2 /$fedited by Reem Khamis, Amina Buallay 205 $a1st ed. 2024. 210 1$aCham :$cSpringer Nature Switzerland :$cImprint: Springer,$d2024. 215 $a1 online resource (620 pages) 225 1 $aStudies in Systems, Decision and Control,$x2198-4190 ;$v516 311 08$a9783031495434 311 08$a3031495438 327 $aImpact of Artificial Intelligence in Students? Learning Life -- Determining factors in the access to financing of Peruvian microenterprises in the period of economic recovery -- Advancements in Smart Modular Farming Systems for Sustainable Agriculture -- Enhancing Cybersecurity with IDS and SIEM Integration Detection -- The Relevance of Green Technology and New-Energy Vehicle Sales towards Sustainable Economic Development -- Assessment of Employability Skills Under SDG 8 Among Graduates from Rural Karnataka -- Empowering Assembly Lines with Human-Robot Collaboration for Enhanced Productivity and Safety. 330 $aThis book is a comprehensive guide to understanding the potential of artificial intelligence (AI) in improving business functions, as well as the limitations and challenges that come with its implementation. In this book, readers will learn about the various opportunities that AI presents in business, including how it can automate routine tasks, reduce errors, and increase efficiency. The book covers a range of topics, including how AI can be used in financial reporting, auditing, fraud detection, and tax preparation. However, the book also explores the limitations of AI in business, such as the need for skilled professionals, data quality, and the potential for bias. It examines the challenges that companies face when implementing AI in business functions, including the need for ethical considerations, transparency, and accountability. The book is written for business professionals, business leaders, and anyone interested in the potential of AI in business functions. It offers practical advice on how to implement AI effectively and provides insights into the latest developments in AI technology. Through case studies and real-world examples, readers will gain a deeper understanding of how AI can be used to enhance business functions, as well as the potential pitfalls and limitations to be aware of. Overall, this book is an essential guide for anyone looking to harness the power of AI to improve their business functions and to stay ahead in an increasingly competitive business environment. . 410 0$aStudies in Systems, Decision and Control,$x2198-4190 ;$v516 606 $aEngineering mathematics 606 $aEngineering$xData processing 606 $aArtificial intelligence 606 $aMathematical and Computational Engineering Applications 606 $aArtificial Intelligence 606 $aData Engineering 615 0$aEngineering mathematics. 615 0$aEngineering$xData processing. 615 0$aArtificial intelligence. 615 14$aMathematical and Computational Engineering Applications. 615 24$aArtificial Intelligence. 615 24$aData Engineering. 676 $a658.0563 700 $aHamdan$b Reem Khamis$01749501 701 $aBuallay$b Amina$01726613 801 0$bMiAaPQ 801 1$bMiAaPQ 801 2$bMiAaPQ 906 $aBOOK 912 $a9910855384803321 996 $aAI in Business: Opportunities and Limitations$94463720 997 $aUNINA LEADER 03456nam 22007935 450 001 9910298532803321 005 20251230061729.0 010 $a3-642-40060-4 024 7 $a10.1007/978-3-642-40060-5 035 $a(CKB)2550000001199547 035 $a(EBL)1636604 035 $a(OCoLC)871224003 035 $a(SSID)ssj0001166325 035 $a(PQKBManifestationID)11677559 035 $a(PQKBTitleCode)TC0001166325 035 $a(PQKBWorkID)11119242 035 $a(PQKB)10534729 035 $a(MiAaPQ)EBC1636604 035 $a(DE-He213)978-3-642-40060-5 035 $a(PPN)176114149 035 $a(EXLCZ)992550000001199547 100 $a20140116d2014 u| 0 101 0 $aeng 135 $aur|n|---||||| 181 $ctxt 182 $cc 183 $acr 200 10$aProceedings of 2013 4th International Asia Conference on Industrial Engineering and Management Innovation (IEMI2013) /$fedited by Ershi Qi, Jiang Shen, Runliang Dou 205 $a1st ed. 2014. 210 1$aBerlin, Heidelberg :$cSpringer Berlin Heidelberg :$cImprint: Springer,$d2014. 215 $a1 online resource (1039 p.) 300 $aDescription based upon print version of record. 311 08$a3-642-40059-0 320 $aIncludes bibliographical references at the end of each chapters and index. 327 $aAdvanced design and manufacturing -- Decision Analysis/Decision Support System -- Lean manufacturing -- Logistics Engineering and Supply Chain Management -- Operations Research -- Production Planning and Control -- System Modeling and Simulation -- Author Index. 330 $aThe purpose of the 4th International Asia Conference on Industrial Engineering and Management Innovation (IEMI 2013) is to bring together researchers, engineers and practitioners interested in the application of informatics to usher in new advances in the industrial engineering and management fields. 606 $aTechnological innovations 606 $aIndustrial management 606 $aIndustrial engineering 606 $aProduction engineering 606 $aEngineering 606 $aInnovation and Technology Management 606 $aIndustrial Management 606 $aIndustrial and Production Engineering 606 $aTechnology and Engineering 615 0$aTechnological innovations. 615 0$aIndustrial management. 615 0$aIndustrial engineering. 615 0$aProduction engineering. 615 0$aEngineering. 615 14$aInnovation and Technology Management. 615 24$aIndustrial Management. 615 24$aIndustrial and Production Engineering. 615 24$aTechnology and Engineering. 676 $a330 676 $a620 676 $a658.5 676 $a658514 702 $aQi$b Ershi$4edt$4http://id.loc.gov/vocabulary/relators/edt 702 $aShen$b Jiang$4edt$4http://id.loc.gov/vocabulary/relators/edt 702 $aDou$b Runliang$4edt$4http://id.loc.gov/vocabulary/relators/edt 712 02$aChinese Industrial Engineering Institution. 712 02$aTaiwan Industrial Engineering Institute. 712 02$aCouncil of Industrial Engineering Department Heads in Greater China. 712 02$aTaiwan University.$bDepartment of Industrial Engineering. 906 $aBOOK 912 $a9910298532803321 996 $aProceedings of 2013 4th International Asia Conference on Industrial Engineering and Management Innovation (IEMI2013)$92505890 997 $aUNINA